| 000 | 00641nam a22001817i 4500 | ||
|---|---|---|---|
| 999 |
_c23190 _d23190 |
||
| 003 | AR-CdUCM | ||
| 008 | 250122b20212021 pe||||| |||| 00| 0 spa d | ||
| 040 |
_aMUNICIPALIDAD PROVINCIAL DEL CUSCO _cBIBLIOTECA MUNICIPAL DEL CUSCO |
||
| 041 | _hspa | ||
| 082 |
_a869.56 / J24E _bJ24E |
||
| 100 |
_aJaramillo Cevallos, Carmen Inés _950955 |
||
| 245 | _aEspectros / | ||
| 260 |
_aWanchaq-Cusco : _bSieteculebras Editores _c2021 |
||
| 300 |
_a121 páginas. : _c20x14 cm. |
||
| 505 | _aNocturna -- Expreso -- Fantasma -- Arrogante persistencia -- Manada -- Extiendo mis alas -- Ave nocturna | ||
| 942 |
_2ddc _cLIBROS |
||
| 945 |
_apbjr _d22-01-2025 |
||